| 000 | 00543nam a2200205Ia 4500 | ||
|---|---|---|---|
| 003 | OSt | ||
| 005 | 20230609145121.0 | ||
| 008 | 210423s2003 xx 000 0 und d | ||
| 020 | _a- | ||
| 040 | _cAL | ||
| 041 | _aeng | ||
| 082 |
_a000 NAIA _223 |
||
| 100 |
_aNAIKWADI (Rioz) _9123368 |
||
| 245 | _aAvenues career guide for careers after 10+2 | ||
| 260 |
_aMumbai _bIMS Learning Resource Pvt Ltd _c2003 |
||
| 365 | _cINR | ||
| 650 |
_aGeneral _9123369 |
||
| 906 | _a10+2 ; after ; Avenues ; career ; careers ; guide | ||
| 942 |
_2ddc _cBK |
||
| 999 |
_c174275 _d174275 |
||